000 00246nam a2200097Ia 4500
001 645295
005 20250826153621.0
008 250824s9999 xx 000 0 und d
245 0 _a21 Hediye Perisi Sevinç
_cDAISY MEADOWS
260 _bBEYAZ BALİNA
999 _c645295
_d645295